000
00340 a2200169 4500
001
169726
020
_a
85-08-02463-0
040
_c
Magnum
100
_a
Sabino, Fernando
240
1
0
_a
Martini seco
_l
por
245
1
0
_a
Martini seco
300
_a
64
362
0
_a
1987
440
1
_a
Ática
697
_a
LITERATURA GERAL
942
_c
BK
999
_c
169726
_d
169726